000 00395nam a22001577a 4500
003 MPLRDC
005 20220104123520.0
008 210129b ||||| |||| 00| 0 eng d
082 _a250 GHR
100 _a伊斯兰教教长、高浩然编著
245 _a认识伊斯兰
_c
260 _a
_b风华出版事业公司
_c1989
300 _b
650 _a回教总论
942 _cBK
_o250 GHR
999 _c12043
_d12033